Gray's Anatomy for Students / (Record no. 595437)
[ view plain ]
| 000 -LEADER | |
|---|---|
| fixed length control field | 00507nam a22001697a 4500 |
| 020 ## - INTERNATIONAL STANDARD BOOK NUMBER | |
| International Standard Book Number | 9789814920056 |
| 082 ## - DEWEY DECIMAL CLASSIFICATION NUMBER | |
| Classification number | 611 |
| Author Mark | DRA |
| 100 ## - MAIN ENTRY--PERSONAL NAME | |
| Personal name | Drake, Richard L.; Vogl, A. Wayne; Mitchell, Adam W.M. |
| 9 (RLIN) | 114049 |
| 245 ## - TITLE STATEMENT | |
| Title | Gray's Anatomy for Students / |
| Statement of responsibility, etc. | Richard L. Drake; Wayne Vogl, A.; Adam W.M. Mitchell |
| 250 ## - EDITION STATEMENT | |
| Edition statement | 4th Edition. |
| 260 ## - PUBLICATION, DISTRIBUTION, ETC. | |
| Place of publication, distribution, etc. | Singapore : |
| Name of publisher, distributor, etc. | Elsevier, |
| Date of publication, distribution, etc. | 2020. |
| 300 ## - PHYSICAL DESCRIPTION | |
| Extent | 1152 p. ; |
| Other physical details | ill, |
| Dimensions | 28 cm. |
| 563 ## - BINDING INFORMATION | |
| Binding note | PBK. |
| 650 ## - SUBJECT ADDED ENTRY--TOPICAL TERM | |
| Topical term or geographic name entry element | Anatomy |
| 650 ## - SUBJECT ADDED ENTRY--TOPICAL TERM | |
| Topical term or geographic name entry element | Human anatomy |
| 942 ## - ADDED ENTRY ELEMENTS (KOHA) | |
| Source of classification or shelving scheme | |
| Koha item type | Book |
| Withdrawn status | Lost status | Source of classification or shelving scheme | Damaged status | Not for loan | Permanent Location | Current Location | Shelving location | Date acquired | Source of acquisition | Cost, normal purchase price | Full call number | Barcode | Date last seen | Copy number | Cost, replacement price | Price effective from | Koha item type |
|---|---|---|---|---|---|---|---|---|---|---|---|---|---|---|---|---|---|
| NUST School of Health Sciences (NSHS) | NUST School of Health Sciences (NSHS) | General Stacks | 08/08/2023 | Pak Book Corporation | 2460.00 | 611 DRA | NSHS-1478 | 08/08/2023 | c.1 | 4921.50 | 08/08/2023 | Book | |||||
| NUST School of Health Sciences (NSHS) | NUST School of Health Sciences (NSHS) | General Stacks | 08/08/2023 | Pak Book Corporation | 2460.00 | 611 DRA | NSHS-1479 | 08/08/2023 | c.2 | 4921.50 | 08/08/2023 | Book |
